000 00630nam a2200253Ia 4500
001 32769
005 20240114001619.0
007 ta
008 061113s1948 g b000 u 346 u
020 _cHB
040 _aCotton College,Assam
041 _a346
082 _a294.58
_bB 469 M
100 _aBhaiji, .
245 0 _aMatri Darshan /
_cBhaiji.
_hTextual Documents
250 _a2nd ed. /
260 _aCalcutta :
_bKshiti Nath Chattopadhya ,
_c1948.
300 _a182p. ;
_c18cm.
653 _aReligious Literature
653 _aG-Religion
942 _2ddc
_cBK
999 _c32751
_d32751